000
00238nam a2200097Ia 4500
005
20250424112850.0
008
250424s9999 xx 000 0 und d
300
_a
vii. , : ill. ; 28-30 cm.
650
_a
Chemistry--Periodicals.
942
_c
SR
999
_c
37581
_d
37581